Ľudová banka výročná správa 2001

Enregistré dans:
Détails bibliographiques
Format: Livre
Langue:slovaque
allemand
anglais
français
Publié: Bratislava Ľudová banka, a.s. [2002]
Sujets:
Tags: Ajouter un tag
Pas de tags, Soyez le premier à ajouter un tag!

MARC

LEADER 00000nam$a2200000$$$4500
001 0004312
005 20240108123830.9
041 0 |a slo 
041 0 |a ger 
041 0 |a eng 
041 0 |a fre 
044 |a SK 
245 1 0 |a Ľudová banka  |b výročná správa 2001 
264 1 |a Bratislava  |b Ľudová banka, a.s.  |c [2002] 
300 |a 77 s.  |e CD-ROM: Decénium Ľudovej banky 
610 2 0 |a banky 
610 2 0 |a bankovníctvo 
610 2 0 |a predstavenstvo 
610 2 0 |a vývoj hospodársky 
610 2 0 |a obchod 
610 2 0 |a bilancie 
610 2 0 |a výkazy finančné 
610 2 0 |a výkazy účtovné 
610 2 0 |a audit 
610 2 0 |a rady dozorné 
610 2 0 |a Slovensko